Statistics for Dave Bautista Filmography

Click here to take the quiz!

General Stats

  • This quiz has been taken 32 times
    (10 since last reset)
  • The average score is 25 of 83

Answer Stats

TypeYearName% Correct
Film2014Guardians of the Galaxy
100%
Film2017Guardians of the Galaxy Vol. 2
100%
Film2023Guardians of the Galaxy Vol. 3
100%
Film2021Army of the Dead
88%
Film2019Avengers: Endgame
88%
Film2018Avengers: Infinity War
88%
Film2022Glass Onion
88%
Film2015Spectre
88%
Web Special2022The Guardians of the Galaxy Holiday Special
88%
Film2022Thor: Love and Thunder
88%
Film2023Knock at the Cabin
75%
Film2020My Spy
75%
TV Show2002-2019WWE Raw
75%
Film2017Blade Runner 2049
63%
Film2021Dune
63%
Film2024Dune: Part Two
63%
TV Show2002-2018WWE Smackdown!
63%
Film2021Army of Thieves
50%
Film2019Stuber
50%
Film2016Kickboxer: Vengeance
38%
Film2023The Boy and the Heron
38%
FilmTBAThe Killer's Game
38%
Film2012The Man with the Iron Fists
38%
Short Film20172048: Nowhere to Run
25%
Film2017Bushwick
25%
TV Show2010Chuck
25%
Film2018Escape Plan 2: Hades
25%
Film2019Escape Plan: The Extractors
25%
TV Show2007Extreme Makeover: Home Edition
25%
Film2015Heist
25%
Web Mini-Series2020Home Movie: The Princess Bride
25%
Film2018Hotel Artemis
25%
Film2011House of the Rising Sun
25%
Film2015L.A. Slasher
25%
Film2016Marauders
25%
Film2009My Son, My Son, What Have Ye Done
25%
TV Show2009Neighbours
25%
Film2023Parachute
25%
Film2006Relative Strangers
25%
Film2013Riddick
25%
TV Show2020Room 104
25%
TV Show2019Running Wild with Bear Grylls
25%
Web Series2021See
25%
TV Show2006Smallville
25%
Film2012The Scorpion King 2: Battle for Redemption
25%
TV Show2019What We Do in the Shadows
25%
Film2010Wrong Side of Town
25%
Web Series2024Army of the Dead: Lost Vegas
13%
Commercial2021-2022Disney+
13%
Film2016Enter the Warriors Gate
13%
Film2018Final Score
13%
Video Game2019Gears 5
13%
Theme Park Attraction2022Guardians of the Galaxy: Cosmic Rewind
13%
Theme Park Attraction2017Guardians of the Galaxy - Mission: Breakout!
13%
TV Show2009Head Case
13%
TV Show2022Little Demon
13%
Film2018Master Z: The Ip Man Legacy
13%
FilmTBAMy Spy 2
13%
Commercial2022Nissan
13%
Commercial2020Smirnoff
13%
Film2016The Boss
13%
TV Show2015TripTank
13%
Documentary Mini-Series2020Undertaker: The Last Ride
13%
Web Series2005WWE Byte This!
13%
TV Show2012WWE Main Event
13%
TV Show2004WWE Sunday Night Heat
13%
TV Show2002WWE Velocity
13%
TV Show2006ECW on Sci-Fi
0%
TV Show2007Family Feud
0%
FilmTBAGroove Tails
0%
TV Show2022I Can See Your Voice
0%
Music Video2017Inferno
0%
FilmTBAIn the Lost Lands
0%
TV Show2008Iron Chef America: The Series
0%
Commercial2021Rocket Mortgage
0%
Documentary2020Stars of the Ring: Cena, Johnson, Bautista
0%
Web Series2016The #Hashtagged Show
0%
Documentary Mini-Series2019The Imagineering Story
0%
Film2023Traphouse
0%
Film2023Universe's Most Wanted
0%
TV Show2002WWE Metal
0%
Documentary Series2020-2021WWE Ruthless Aggression
0%
TV Show2006-2008WWE Saturday Night's Main Event
0%

Score Distribution

Percentile by Number Answered

Percent of People with Each Score

Your Score History

You have not taken this quiz since the last reset